| 000 | 00430nam a2200193Ia 4500 | ||
|---|---|---|---|
| 005 | 20250603145551.0 | ||
| 008 | 250603s9999 xx 000 0 und d | ||
| 020 | _a978-0-273-68410-7 | ||
| 050 | _aHF 5667 .H365/ | ||
| 100 | _aRick Hayes | ||
| 245 | 0 | _aPrinciples of Auditing | |
| 250 | _a2nd | ||
| 260 | _aHarlow | ||
| 260 | _bPearson Education | ||
| 260 | _c2005 | ||
| 300 | _a691 p | ||
| 650 | _aHarlow | ||
| 942 | _cBK | ||
| 999 |
_c42232 _d42232 |
||